| 000 | 00910nam a22002897a 4500 | ||
|---|---|---|---|
| 942 | _cBK | ||
| 999 |
_c593 _d593 |
||
| 005 | 20250420134817.0 | ||
| 008 | 200811b ||||| |||| 00| 0 eng d | ||
| 020 | _a9789401093132 | ||
| 040 | _cKCST | ||
| 082 |
_a620.00151 _bSp En |
||
| 100 |
_aSpencer, A J M _95022 |
||
| 245 |
_aEngineering mathematics: _bvol 1 / _cA J M Spencer, D F Parker, D S Berry, A H England, T R Faulkner, W A Green, J T Holden, D Middleton, T G Rogers |
||
| 260 |
_a[not identified] _bSpringer Sciecne +Business Media, LLC _c1977. |
||
| 300 | _a536 p. | ||
| 650 |
_aEngineering Mathematics _95023 |
||
| 650 |
_aMathematics _9408 |
||
| 700 |
_aParker, D F _95024 |
||
| 700 |
_aBerry, D S _95025 |
||
| 700 |
_aEngland, A H _95026 |
||
| 700 |
_aFaulkner, T R _95027 |
||
| 700 |
_aGreen W A _95028 |
||
| 700 |
_aHolden, J T _95029 |
||
| 700 |
_aMiddleton, D _95030 |
||
| 700 |
_aRogers, T G _95031 |
||
| 942 | _2ddc | ||